Quotes From Quotes: Harry Potter Quiz Stats

 Plays Quiz Updated Apr 16, 2019

Score 0/25 Timer 06:00
4 Plays Today
% Correct
Mr. and Mrs.
94%
hold
93.4%
were proud
93.1%
the last
93.1%
perfectly normal
92.9%
they were
92.9%
mysterious
92.7%
Dursley
92.4%
with such
92.2%
Privet Drive
91.8%
four
91.8%
involved in
91.7%
people
91.6%
% Correct
to say that
91.6%
very much
91.5%
to be
91.4%
of number
91.4%
because they
91.3%
just didn't
90.4%
you'd expect
90.2%
anything
90.1%
strange or
89.5%
thank you
85.6%
nonsense
85.6%
They were
84.5%

You're not logged in!

Compare scores with friends on all Sporcle quizzes.
OR
Log In

Sporcle TV

Today on Sporcle TV


Watch our educational content, quiz creation guides, and fun videos on Sporcle TV.

Show Comments

Extras

Top Quizzes Today


Score Distribution

Your Account Isn't Verified!

In order to create a playlist on Sporcle, you need to verify the email address you used during registration. Go to your Sporcle Settings to finish the process.

Report this User

Report this user for behavior that violates our Community Guidelines.

Details: